000 00679nam a22001457a 4500
003 0
005 20160609172254.0
008 130813t xxu||||| |||| 00| 0 eng d
040 _aBUAC
_bFr
_cBEPAC
100 _aADJAHOSSOU, Sessi Gilles Christian
_926335
245 _aEtude phytoécologique des savanes soudano-sahéliennes et caractéristiques dendrométriques de afzelia africana smith ex pers., daniellia oliveri (rolfe) hutch. & dalz. Et anogeissus leiocarpa (DC.) guill. & perr. :cas de la RBT-W (Bénin), commune de Karimama.
_cADJAHOSSOU, Sessi Gilles Christian
260 _aAbomey-Calavi
_bEcole Polytechnique d’Abomey-Calavi
_c2007
300 _a52 p.
942 _cTHE
999 _c52562
_d52562